| 000 | 00692nam a2200241 a 4500 | ||
|---|---|---|---|
| 999 |
_c1088 _d1088 |
||
| 008 | 191125t2010 ii ao||g |||| 00| 0 eng d | ||
| 020 |
_a9789380283760 _cRs. 695.00 |
||
| 040 |
_aKO _beng |
||
| 041 | 0 | _aeng | |
| 044 | _aii | ||
| 082 | 0 | 4 |
_223 _a070.920954 _bV5869 |
| 100 | 1 | _aVerghese, B. G. | |
| 245 | 1 | 0 |
_aFirst Draft : _bwitness to the making of Modern India / _cB. G. Verghese |
| 260 |
_aChennai : _bTranquebar Press (Westland Ltd.) , _c2010 |
||
| 300 |
_axiv, 573 p. : _bill. ; _c24 cm |
||
| 504 | _aIncludes Index. | ||
| 600 | _aVerghese, B. G. | ||
| 650 | 0 |
_aJournalists _vBiography _zIndia |
|
| 650 | 0 | _aPolitics and government | |
| 904 | _aA_BOSE | ||
| 942 | _cBK | ||